| 000 | 00826nam a2200253 a 4500 | ||
|---|---|---|---|
| 005 | 20151114094731.0 | ||
| 008 | 140310b2000 ck ||||| |||| 00| 0 spa d | ||
| 040 |
_aCO-BoIAVH _cCO-BoIAVH |
||
| 041 | _aspa | ||
| 044 | _ack | ||
| 090 |
_aLB _b02895 |
||
| 100 |
_aMartínez González, Carlos Humberto _918660 |
||
| 245 |
_aCaracterísticas geológicas y amenazas naturales en el municipio de Timbiquí _besquema básico de ordenamiento territorial |
||
| 260 |
_aPopayán _bAlcaldía Municipal _c2000 |
||
| 300 | _a74 p. | ||
| 650 |
_aGeomorfología _941925 |
||
| 650 |
_aGeología _941926 |
||
| 650 |
_aMinería _941927 |
||
| 650 |
_aAguas subterráneas _941928 |
||
| 650 |
_aPlanes de ordenamiento territorial _92772 |
||
| 650 |
_aAmenazas naturales _918663 |
||
| 662 |
_aColombia _dTimbiquí _bCauca |
||
| 942 |
_cINFORME _2z |
||
| 999 |
_c3133 _d3133 |
||